Matemáticas financieras (Registro nro. 228663)
[ vista simple ]
| 000 -LEADER | |
|---|---|
| fixed length control field | 00876nam a22002297a 4500 |
| 003 - CONTROL NUMBER IDENTIFIER | |
| control field | UNINSURGENTES |
| 005 - DATE AND TIME OF LATEST TRANSACTION | |
| control field | 20240828091911.0 |
| 008 - FIXED-LENGTH DATA ELEMENTS--GENERAL INFORMATION | |
| fixed length control field | 240828b mx ||||| |||| 00| 0 spa d |
| 020 ## - INTERNATIONAL STANDARD BOOK NUMBER | |
| International Standard Book Number | 9786074387223 |
| 040 ## - CATALOGING SOURCE | |
| Language of cataloging | Spa |
| Transcribing agency | Universidad Insurgentes |
| 050 ## - LIBRARY OF CONGRESS CALL NUMBER | |
| Classification number | HF5694 R63 2014 Ej.1 |
| 100 ## - MAIN ENTRY--PERSONAL NAME | |
| Personal name | Rodríguez Franco, Jesús |
| 245 ## - TITLE STATEMENT | |
| Title | Matemáticas financieras |
| Statement of responsibility, etc. | Jesus Rodrgiuez Franco; Elva Cristina Rodríguez Jiménez y Alberto Isaac Pierdant Rodríguez |
| 250 ## - EDITION STATEMENT | |
| Edition statement | 1a ed. |
| 260 ## - PUBLICATION, DISTRIBUTION, ETC. | |
| Place of publication, distribution, etc. | México |
| Name of publisher, distributor, etc. | Grupo Editorial Patria |
| Date of publication, distribution, etc. | 2014 |
| 300 ## - PHYSICAL DESCRIPTION | |
| Extent | 281 p. |
| Other physical details | il. |
| Dimensions | 26.5 x 20.5 |
| 500 ## - GENERAL NOTE | |
| General note | Tabla de contenido, ilustraciones b/n |
| 600 ## - SUBJECT ADDED ENTRY--PERSONAL NAME | |
| Source of heading or term | Matemáticas finacieras |
| General subdivision | Problemas, ejercios, etc. |
| -- | modelos matemáticos |
| 700 ## - ADDED ENTRY--PERSONAL NAME | |
| Personal name | Rodríguez Jiménez, Elva Cristina |
| Relator term | coaut |
| 700 ## - ADDED ENTRY--PERSONAL NAME | |
| Personal name | Pierdant Rodríguez, Alberto Isaac |
| Relator term | coaut |
| 942 ## - ADDED ENTRY ELEMENTS (KOHA) | |
| Source of classification or shelving scheme | Library of Congress Classification |
| Koha item type | Libro |
| Suppress in OPAC | No |
| Withdrawn status | Lost status | Source of classification or shelving scheme | Damaged status | Not for loan | Home library | Current library | Date acquired | Total checkouts | Full call number | Barcode | Date last seen | Copy number | Price effective from | Koha item type |
|---|---|---|---|---|---|---|---|---|---|---|---|---|---|---|
| Library of Congress Classification | Plantel Tlalnepantla | Plantel Tlalnepantla | 08/28/2024 | HF5694 R63 2014 Ej.1 | 07 006906 | 08/28/2024 | 1 | 08/28/2024 | Libro |